000 00702nam a22002177a 4500
003 UA-OsUOA
001 77638
007 ta
008 20110920b un ||||| |||| 00| 0 ukr d
100 _aФедотова Г.В.
090 _a34
_bФ34
942 _cSA
040 _aUA-OsUOA
_bukr
_cUA-OsUOA
_dUA-OsUOA
245 _aПрокурорський нагляд під час розгляду скарг на дії та рішення міліції як органу дізнання
300 _aС.36
955 _a0
041 _aukr
080 _a34
773 0 _w77624
_tЕкономіка. Фінанси. Право.
_dК.
_d2011
_g6
650 7 _a34 Право. Юриспруденція
_2UDC
999 _c363944
_d363944